Pays membre de l’Union européenne - Statistiques

Statistiques générales
  • Ce quiz a été pris 348 fois
  • Le résultat moyen est 23 sur 28
Statistiques - réponses
Hint Réponse % Correct
1957 France
100%
1957 Allemagne
97%
1986 Espagne
96%
1986 Portugal
94%
1957 Belgique
93%
1957 Italie
92%
1995 Suède
90%
1957 Pays-Bas
89%
1973-2020 Royaume-Uni
89%
1957 Luxembourg
87%
1995 Finlande
84%
1981 Grèce
82%
2004 Pologne
81%
1995 Autriche
80%
2004 Hongrie
79%
2004 Slovénie
79%
1973 Danemark
78%
2004 Lituanie
78%
2004 Slovaquie
78%
1973 Irlande
77%
2007 Roumanie
77%
2004 Estonie
76%
2004 Lettonie
76%
2013 Croatie
74%
2007 Bulgarie
70%
2004 République Tchèque
67%
2004 Malte
58%
2004 Chypre
49%
Aucun quiz correspondant
Distribution des résultats
% des personnes avec chaque résultat
Percentile par nombre de réponses
Votre historique - résultats
Vous n’avez pas pris ce quiz